000 00545nam a2200181Ia 4500
008 090123s9999 xx 000 0 und d
082 _b1003
_a891.463/साने
100 _aसानेगुरुजी
245 _aरामाचा शेला
250 _a1
260 _bकुलकर्णी अ.अ.
300 _a146
600 _aसानेगुरुजी
630 _aरामाचा शेला
700 _aसानेगुरुजी
730 _aरामाचा शेला
942 _cBOOK
999 _c39088
_d39088